000 00508nmm a2200181Ia 4500
008 251105s9999||||xx |||||||||||||||||und||
041 _aspa
100 _aLem, Stanisław
245 0 _aMagnitud imaginaria
264 _a[Madrid, España] :
_bImpedimenta,
_c2013
300 _a144 páginas
650 _aScience fiction & Fantasy
700 _aLem, Stanisław
700 1 _a Maurizio, Jadwiga
700 1 _a Valencia, Roberto
856 _uhttps://public.digitaliapublishing.com/a/33872
942 _cCF
999 _c67756
_d67756